Statistics for Australian Bird Names Containing 'Brown'

Click here to take the quiz!

General Stats

  • This quiz has been taken 6 times
  • The average score is 4 of 13

Answer Stats

Answer% Correct
Brown Honeyeater
100%
Brown-backed Honeyeater
50%
Brown Cuckoo-Dove
50%
Brown Gerygone
50%
Brown-headed Honeyeater
50%
Brown Thornbill
50%
Brown Booby
0%
Brown Falcon
0%
Brown Goshawk
0%
Brown Quail
0%
Brown Skua
0%
Brown Songlark
0%
Brown Treecreeper
0%

Score Distribution

Percentile by Number Answered

Percent of People with Each Score

Your Score History

You have not taken this quiz